Every D1 NCAA College in Illinois - Statistics

General Stats
  • This quiz has been taken 50 times
  • The average score is 11 of 13
Answer Stats
Hint Answer % Correct
Fighting Illini Illinois
100%
Wildcats Northwestern
97%
Redbirds Illinois St
95%
Panthers Eastern Illinois
89%
Huskies Northern Illinois
89%
Leathernecks Western Illinois
89%
Brown Dawg and Grey Dawg Southern Illinois (Carbondale)
84%
Flames Illinois (Chicago)
82%
Blue Demons Depaul
74%
Ramblers Loyola
71%
Cougars Southern Illinois (Edwardsville)
68%
Cougars Chicago St
63%
Kaboom! the Gargoyle Bradley
47%
No matching quizzes found
Score Distribution
Percent of People with Each Score
Percentile by Number Answered
Your Score History
You have not taken this quiz